<?xml version="1.0" encoding="UTF-8"?>
<record
    xmlns:xsi="http://www.w3.org/2001/XMLSchema-instance"
    xsi:schemaLocation="http://www.loc.gov/MARC21/slim http://www.loc.gov/standards/marcxml/schema/MARC21slim.xsd"
    xmlns="http://www.loc.gov/MARC21/slim">

  <leader>00584nam a22001337a 4500</leader>
  <controlfield tag="005">20250729125946.0</controlfield>
  <controlfield tag="008">230110b        |||||||| |||| 00| 0 eng d</controlfield>
  <datafield tag="041" ind1=" " ind2=" ">
    <subfield code="a">ENG.</subfield>
  </datafield>
  <datafield tag="082" ind1=" " ind2=" ">
    <subfield code="b"> VIN</subfield>
  </datafield>
  <datafield tag="100" ind1=" " ind2=" ">
    <subfield code="a">DR. M.S. VINSI</subfield>
    <subfield code="9">106168</subfield>
  </datafield>
  <datafield tag="245" ind1=" " ind2=" ">
    <subfield code="a">A STUDY TO ASSESS THE EFFECTIVENESS OF PROTOCOL REGARDING SPECIFIC HEALTH SERVICES PROVIDED BY ANGANWADI WORKERS UNDER ICDS PROGRAMME IN SELECTED RURAL COMMUNITY IN CHATTISHGARH ( P.HD.)</subfield>
  </datafield>
  <datafield tag="260" ind1=" " ind2=" ">
    <subfield code="a">SHRADHA ASHAWAN       SHRI JAGDISHPRASAD JHABARMAL TIBREWALA UNIVERSITY FOT THE DEGREE OF DOCTOR OF PHILOSOPHY IN NURSING</subfield>
    <subfield code="c">2022</subfield>
  </datafield>
  <datafield tag="942" ind1=" " ind2=" ">
    <subfield code="c">DN</subfield>
  </datafield>
  <datafield tag="999" ind1=" " ind2=" ">
    <subfield code="c">83758</subfield>
    <subfield code="d">83758</subfield>
  </datafield>
  <datafield tag="952" ind1=" " ind2=" ">
    <subfield code="0">0</subfield>
    <subfield code="1">0</subfield>
    <subfield code="2">ddc</subfield>
    <subfield code="4">0</subfield>
    <subfield code="7">0</subfield>
    <subfield code="a">SNCN</subfield>
    <subfield code="b">SNCN</subfield>
    <subfield code="d">0000-00-00</subfield>
    <subfield code="l">0</subfield>
    <subfield code="o"> VIN</subfield>
    <subfield code="p">SNCN-DN-129</subfield>
    <subfield code="r">2023-05-05 00:00:00</subfield>
    <subfield code="w">2023-01-10</subfield>
    <subfield code="y">DN</subfield>
    <subfield code="z">129</subfield>
  </datafield>
</record>
